LEADER 01046nam a2200253 u 4500 001 000000088406 003 CaOOAMICUS 005 20070226124517.0 008 051028s1945 be u000 u fre u 035 $a11066016 040 $aPUL(R)$bita 100 1 $aKothen, Robert.$0(OLS)http://pul/name/15060 245 12$aL'Église et les mouvements de population /$cRobert Kothen. 260 $aBruxelles :$bÉditions universitaires,$c1945. 300 $a124 p. ;$c19 cm 490 1 $aChrétienté nouvelle ;$v11 504 $aBibliografia in nota. 650 4$aEmigrazione e immigrazione.$0(OLS)http://pul/subject/12698 830 0$aChrétienté nouvelle ;$v11.$0(OLS)http://pul/title/17146 850 $aPUL 852 $aPUL$W1$xDP1 Fondo Pastorale$y55$mP5 B 46$j111967$nBK-PRI$b $qFondi$B111967$CPULBib$Z2$F111967 $HPUL552 $81 941 1 $a1 996 $6245$aL'Église et les mouvements de population$9(OLS)http://pul/title/114251 996 $6260$aBruxelles :$bÉditions universitaires$9(OLS)http://pul/publisher/53454 LEADER 01429nam a2200289 a 4500 001 000000156294 003 CaOOAMICUS 005 20161115164717.0 008 161115s1973 it u000 u ita r 032 $aLibriCat 040 $aPUL$bita 100 1 $aPistoia, Alessandro.$0(OLS)http://pul/name/13358 245 14$aLa "parte del popolo" nella liturgia nel pensiero di Antonio Rosmini / $cdi Alessandro Pistoia, C.M. 260 $aRoma :$bEdizioni Liturgiche,$c1973. 300 $axxii, 41 p. ;$c27 cm. 490 1 $aBibliotheca "Ephemerides Liturgicae". Sectio Historica ;$v35 502 $aEstratto di Tesi -- Pontificium Athenaeum S. Anselmi, Facultate Theologica, 1969. 504 $aBibliografia in nota a piè pagina. 600 14$aRosmini Serbati, Antonio,$cb.,$d1797-1855.$0(OLS)http://pul/subject/28 710 2 $aPontificio ateneo S. Anselmo.$bFacoltà di teologia.$kTesi.$0(OLS)http://pul/name/82348 830 0$aBibliotheca "Ephemerides liturgicae".$pSectio historica ;$v35.$0(OLS)http://pul/title/4823 850 $aPUL 852 $aPUL$W1$xDP1 Tesi Pon. At. S. Anselmo$y29$mTH ANS 143$j179516$qTesi$B182685$CPULBib$Z2$F182685 $H38825 $82 941 1 $a16 996 $6245$aLa "parte del popolo" nella liturgia nel pensiero di Antonio Rosmini / $9(OLS)http://pul/title/195912 996 $6260$aRoma :$bEdizioni Liturgiche$9(OLS)http://pul/publisher/48268